000 00797cam a2200217 a 4500
001 000006798
005 20200929154008.0
008 940809s1990 sp a b 001 0 spa d
020 _a8478200495
040 _aDO-SdBNP
_cMH
_dIU
_dDLC
082 _a320.94655
_bB517d
100 1 _aBernal Macaya, Ana Isabel.
_918885
245 1 4 _aLos Diputados aragoneses durante el Trienio Constitucional /
_cAna Isabel Bernal Macaya.
260 _aZaragoza, (España) :
_bInstitución Fernando el Católico,
_c1990.
300 _a177 p. :
_bil. ;
_c21 cm.
504 _aIncluye referencias bibliográficas (p. 169-174).
651 4 _aAragon (España{Rpara}
_xPolítica Y Gobierno
_918886
650 4 _aDiputados
_zAragon (España{Rpara}
_xDebates
_918887
910 _aCatalogación por copia / LC
049 _aBNGR
999 _c6586
_d6586